000 00857nam a2200277Ia 4500
001 Para_6400
003 CHAP
008 220125s1951 xx 000 0 und d
010 _a205138
040 _cCHAP
082 _aPA 595.79 M8 1951
100 _aMuesebeck, C. F. W.
_9168549
245 _aHymenoptera of America north of Mexico :
_b Synoptic catalog /
_c by C. F. W. Muesebeck and Karl V. Krombein
260 _aWashington, D. F. :
_b U. S. Government printing office
300 _a1419 p.
650 _aHimenopteros
_x Estados Unidos
_9171105
650 _aInsectos
_x catalogos y colecciones
_958902
700 _aKrombein, Karl V.
_963963
901 _aPA 595.79 M8 1951
902 _aA
905 _a0000001951 0000000000 00
910 _a1951
942 _cPARA
942 _cPARA
_d1
999 _c205138
_d205138